Catalog

Record Details

Catalog Search



The ghost at Skeleton Rock  Cover Image Book Book

The ghost at Skeleton Rock / by Franklin W. Dixon.

Dixon, Franklin W. (Author).

Summary:

A cryptic message from their detective father and a note hidden in a ventriloquist's dummy lead Frank and Joe Hardy on a dangerous mission to a Caribbean island, where they help uncover a group plotting to overthrow the island's government.

Record details

  • ISBN: 0448089378
  • ISBN: 0448189372
  • Physical Description: 177 pages : illustrations ; 20 cm.
  • Publisher: New York : Grosset & Dunlap, 1966.
Subject: Detective and mystery stories.

Available copies

  • 1 of 1 copy available at scottsboropl.

Holds

  • 0 current holds with 1 total copy.
Show Only Available Copies
Location Call Number / Copy Notes Barcode Shelving Location Status Due Date
scottsboropl JF Dix 32269000690878 Juvenile - Fiction Available -

LDR 00998cam a2200229 a 4500
001117606
003CONS
00520140703073256.0
008780124s1966 nyua j 000 1 eng u
020 . ‡a0448089378
020 . ‡a0448189372
035 . ‡a(CPomAG)LMN315275
1001 . ‡aDixon, Franklin W.
24514. ‡aThe ghost at Skeleton Rock / ‡cby Franklin W. Dixon.
260 . ‡aNew York : ‡bGrosset & Dunlap, ‡c1966.
300 . ‡a177 pages : ‡billustrations ; ‡c20 cm.
440 0. ‡aHardy boys mystery stories ; ‡v37
520 . ‡aA cryptic message from their detective father and a note hidden in a ventriloquist's dummy lead Frank and Joe Hardy on a dangerous mission to a Caribbean island, where they help uncover a group plotting to overthrow the island's government.
650 0. ‡aDetective and mystery stories.
914 . ‡dLMN_cm
959 . ‡i32269000690878 ‡lJF Dix ‡aJuvenile - Fiction ‡tJuv Fiction ‡g6.00
852 . ‡p32269000690878 ‡jJF Dix ‡gJuvenile - Fiction ‡cJuv Fiction ‡y6.00 ‡bSBPL
901 . ‡a117606 ‡bUnknown ‡c117606 ‡tbiblio

Additional Resources